000 00806nam a2200217 4500
001 118295
003 ES-MaACL
005 20230906191052.0
007 t|
008 070214m1943 sp r ||||1| spa d
100 1 _aPerucca, Eligio.
_991412
245 1 0 _aFísica general y experimental /
_cpor Eligio Perucca ; traducción de la cuarta edición italiana por José Mañas Bouví, José Mª Vidal Llenas.
260 _aBarcelona :
_bLabor,
_c1943-44.
300 _a2 v. :
_bil. ;
_c24 cm.
505 8 _aContiene: Vol I. Mecánica, calor Vol II. Optica, electricidad y magnetismo
700 1 _aMañas Bouví, José.
_976257
700 1 _aVidal Llenas, José María.
_9114499
740 0 _aMecánica, calor.
740 0 _aOptica, electricidad y magnetismo.
852 _aES-MaACL
_jF-15908-9
_bR.20176
999 _c118295
_d118295